| 000 | 00491nam a2200169I 4500 | ||
|---|---|---|---|
| 040 | _cBJO | ||
| 082 | _a609 WIL 1965 A112 Or. | ||
| 100 | 1 | _aSears, Minnie Earl, | |
| 245 | 1 | 0 | _aSears List of subject headings |
| 250 | _a9th ed., | ||
| 260 |
_aNew York, _bH. W. Wilson Co., _c1965 |
||
| 300 |
_a64l p. _c27 cm |
||
| 500 | _a"First-fifth editions had title: List of subject headings for small libraries." | ||
| 650 | 0 | _aSubject headings | |
| 700 | 1 | 1 | _aWestby, Barbara Marietta |
| 942 | _cEK | ||
| 999 |
_c17187 _d17187 |
||